| 000 | 00944nam a22002537a 4500 | ||
|---|---|---|---|
| 999 |
_c162135 _d162135 |
||
| 005 | 20190813122544.0 | ||
| 010 | _a B-719175-195 B-728575 | ||
| 020 |
_a9780143428329 _c350.00 |
||
| 035 | _aB-719175-195 | ||
| 035 | _aB-728575 | ||
| 037 | _bBlueberry Books | ||
| 082 | _aS | ||
| 100 | _aMathur, Bhakti | ||
| 245 |
_aAmma, take me to the Dargah of Salim Chishti / _cby Bhakti Mathur ; illustrated by Priyankar Gupta |
||
| 260 |
_aGurgaon _bPuffin Books _c2018 |
||
| 270 |
_a7th Floor, Infinity Tower C, DLF Cyber city _bGurgaon _e122002 |
||
| 300 |
_aix,66p. _c20cm(pbk) _bcol. ill. |
||
| 490 | _aAmma,tell me series | ||
| 500 | _aAirport | ||
| 700 | _aGupta, Priyankar | ||
| 942 |
_2ddc _cCH _mMAT _hS |
||